| 000 | 00619nam a22001817a 4500 | ||
|---|---|---|---|
| 020 | _qHard Cover. | ||
| 082 | _a621.3 | ||
| 100 | _aMuhammad Hamas Khan ; Rohan Manzoor, Raza | ||
| 245 |
_aEnRING : Smart Ring For UI Control / _cMuhammad Hamas Khan ; Raza Rohan Manzoor. |
||
| 260 |
_aIslamabad : _bSEECS - NUST, _c2019. |
||
| 300 |
_a86 p. : ill. ; _c30cm. |
||
| 563 | _aHB | ||
| 650 |
_aElectrical Engineering-Project Report _930780 |
||
| 700 |
_aWaqas Ahmed. _913741 |
||
| 856 | _uhttp://10.250.8.41:8080/xmlui/handle/123456789/29650 | ||
| 942 |
_2ddc _cTHE |
||
| 999 |
_c535882 _d535882 |
||